000
00300nam a22001217a 4500
999
_c
10729
_d
10729
003
OSt
005
20220630121044.0
008
220630b ||||| |||| 00| 0 eng d
100
_a
Frances melanie obst
245
_a
Art and Design in home living
260
_a
New york
_b
Macmillan company
942
_2
ddc